Statistics for Countries with no vowels or consonants together

Click here to take the quiz!

General Stats

  • This quiz has been taken 20 times
  • The average score is 26 of 33

Answer Stats

Country% Correct
AmericasCanada
95%
AmericasBelize
89%
OceaniaFiji
89%
AsiaIran
89%
AsiaIraq
89%
EuropeItaly
89%
AsiaJapan
89%
AmericasPeru
89%
EuropeBelarus
84%
AmericasCuba
84%
AmericasDominica
84%
AfricaMali
84%
AmericasMexico
84%
AmericasPanama
84%
AfricaSudan
84%
AmericasBahamas
79%
AfricaGabon
79%
EuropeKosovo
79%
AfricaNiger
79%
AfricaTogo
79%
OceaniaTuvalu
79%
AfricaBenin
74%
AfricaComoros
74%
OceaniaKiribati
74%
AfricaMalawi
74%
AsiaNepal
74%
AsiaOman
74%
AfricaSenegal
74%
AmericasSuriname
74%
AsiaLebanon
68%
EuropeMonaco
68%
AsiaUnited Arab Emirates
68%
AsiaQatar
63%

Score Distribution

Percentile by Number Answered

Percent of People with Each Score

Your Score History

You have not taken this quiz